| 000 | 00694nam a2200217 4500 | ||
|---|---|---|---|
| 001 | 173035 | ||
| 003 | ES-MaACL | ||
| 005 | 20230906215119.0 | ||
| 008 | 091015s1972 sp r |||| | spa d | ||
| 017 | _aM 8723-1972 | ||
| 080 | _a821.134.2-23"19" | ||
| 100 | 1 |
_aBuero Vallejo, Antonio, _d1916-2000 _932421 |
|
| 245 | 1 | 3 |
_aEl tragaluz _b: experimento en dos partes / _coriginal de Antonio Buero Vallejo. |
| 250 | _a3ª ed. | ||
| 260 |
_aMadrid : _bEscelicer, _c[1972] |
||
| 300 |
_a103 p. ; _c16 cm. |
||
| 490 | 1 |
_aTeatro ; _v572 |
|
| 830 | 0 |
_aTeatro ; _v572 _9178026 |
|
| 852 | 4 |
_aES-MaACL _jE-13046 _9R.190357 . - _zBiblioteca Jacinto Martínez Lacalle |
|
| 999 |
_c173035 _d173035 |
||